Roverismo hacia el éxito. Un libro del deporte de la vida, para jóvenes.
Shranjeno v:
| Glavni avtor: | |
|---|---|
| Drugi avtorji: | |
| Format: | Knjiga |
| Izdano: |
San José, Costa Rica:
Scout Interamericana,
1997.
|
| Izdaja: | 8ª edición |
| Teme: | |
| Oznake: |
Označite
Brez oznak, prvi označite!
|
MARC
| LEADER | 00000nam a22000007a 4500 | ||
|---|---|---|---|
| 003 | CL-VaPUC | ||
| 005 | 20230106123451.0 | ||
| 008 | 221205t1997 ||||| |||| 00| 0 eng d | ||
| 999 | |c 439581 |d 439579 | ||
| 020 | |a 9977-56-060-9 | ||
| 040 | |c Pontificia Universidad Católica de Valparaíso | ||
| 082 | 0 | 4 | |2 22 |a 369.43 BAD 1997 |
| 100 | 1 | |a Baden-Powell de Gilwell, Robert |e autor |9 879082 | |
| 245 | 1 | 0 | |a Roverismo hacia el éxito. |b Un libro del deporte de la vida, para jóvenes. |
| 250 | |a 8ª edición | ||
| 260 | |a San José, Costa Rica: |b Scout Interamericana, |c 1997. | ||
| 300 | |a 270 páginas. | ||
| 500 | |a c.1 Donación Fernando Vergara Bib. Budge. | ||
| 583 | |c 20221205 |k Catalogador Asistente | ||
| 650 | 1 | |a Escultismo |x Boy Scouts |9 879166 | |
| 650 | 1 | |a Interacción social |x Jóvenes |9 879167 | |
| 700 | |a Núñez Prida, Jorge |e traducción |9 879083 | ||
| 942 | |2 ddc |c BK | ||
| 952 | |0 0 |1 0 |2 ddc |4 0 |6 369_430000000000000_BAD_1997 |7 0 |8 X |9 588126 |a FDOBUD |b FDOBUD |c REST |d 2022-12-05 |e Donación |i 5655944 |o 369.43 BAD 1997 |p 5655944 |r 2022-12-05 |w 2022-12-05 |y BK_X |k BUD | ||